Normal view
MARC view
- Baig,Amna, & Siddiq,M.Sami
Entry Personal Name
001 - CONTROL NUMBER
- control field: 4950
003 - CONTROL NUMBER IDENTIFIER
- control field: NUST
005 - DATE AND TIME OF LATEST TRANSACTION
- control field: 20170925120209.0
008 - FIXED-LENGTH DATA ELEMENTS
- fixed length control field: 170925|| aca||aabn | a|a d
040 ## - CATALOGING SOURCE
- Original cataloging agency: NUST
- Transcribing agency: NUST
100 ## - HEADING--PERSONAL NAME
- Personal name: Baig,Amna, & Siddiq,M.Sami
670 ## - SOURCE DATA FOUND
- Source citation: Work cat.: (NUST): Baig,Amna, & Siddiq,M.Sami, The relationship between FDI, economic activity and terrorism in Pakistan, 2013
